Diseño, Construcción y Prueba de un Reactor Flujo Pistón Para Estudiar Reacciones de Reloj /

Uloženo v:
Podrobná bibliografie
Hlavní autor: Sánchez Aguayo, Norberta Margarita (autor)
Médium: Diplomová práce Kniha
Jazyk:španělština
Vydáno: Guadalajara, México : edición de autor, 1991
Témata:
Tagy: Přidat tag
Žádné tagy, Buďte první, kdo vytvoří štítek k tomuto záznamu!

MARC

LEADER 00000nam^a2200000^a^4500
001 000044686
005 20250521000000.0
009 20260310085903.919
037 |a Acervo ITESO - Biblioteca 
041 |a ESP 
090 |a IQU. 60 
100 |a Sánchez Aguayo, Norberta Margarita  |e (autor) 
245 1 0 |a Diseño, Construcción y Prueba de un Reactor Flujo Pistón Para Estudiar Reacciones de Reloj /  |c N.M. Sánchez Aguayo. 
264 1 |a Guadalajara, México :  |b edición de autor,  |c 1991 
300 |a 61 p. 
336 |a texto  |b txt  |2 rdacontenido 
337 |a sin mediación  |b n  |2 rdamedio 
338 |a volumen  |b nc  |2 rdasoporte 
502 |a ITESO Tesis de Licenciatura en Ingeniería Química Administrativa 
649 |a XX 
650 |a Ingeniería Química 
910 |a Fondo General 
920 |a Impresos - Tesis del ITESO 
930 |a Colección General 
905 |a 104 
901 |a T014450100  |b IT2  |c TSS  |i 801445  |u 20250521 
902 |a https://opac.biblio.iteso.mx/vufind/Record/000044686